Top 10 Songs by Oasis - Statistics

General Stats
  • This quiz has been taken 11 times
  • The average score is 5 of 10
Answer Stats
Hint Answer % Correct
1 Wonderwall
100%
2 Don't Look Back in Anger
88%
3 Champagne Supernova
75%
4 Live Forever
75%
9 The Masterplan
50%
8 Morning Glory
38%
6 She's Electric
38%
7 Some Might Say
25%
5 Supersonic
25%
10 Acquiesce
13%
No matching quizzes found
Score Distribution
Percent of People with Each Score
Percentile by Number Answered
Your Score History
You have not taken this quiz